LEADER 01175nam a2200277 i 4500 001 000000169675 003 CaOOAMICUS 005 20080227000000.0 008 080227s1980 it u000 u ita u 013 $a147078 040 $aSeMil$bita 100 1 $aBargellini, Piero,$d<1897-1980>.$0(OLS)http://semarc/name/926 245 10$aPellegrino alla Verna /$cPiero Bargellini ; Xilografie di Piero Parigi. 260 $aArezzo :$bLa Verna,$c1980. 300 $a196 p. :$bill. ;$c18 cm. 490 0 $aL'abete : collana francescana della Verna ;$v15 500 $aFondo Card. Giovanni Colombo. 650 4$aChiusi della Verna - Santuario della Verna - Pellegrinaggi.$0(OLS)http://semarc/subject/29962 700 1 $aParigi, Piero.$0(OLS)http://semarc/name/63578 830 2$aL'abete : collana francescana della Verna ;$v15.$0(OLS)http://semarc/title/44941 850 $aSeMil 852 $aSeMil$W1$xVenegono$y1$m3H I 232 °$j120586$B120586$CSeMilBibl$Z2$F132033 $81 941 1 $a3 961 $aLascito: Colombo Card. Giovanni 996 $6245$aPellegrino alla Verna$9(OLS)http://semarc/title/242637 996 $6260$aArezzo :$bLa Verna$9(OLS)http://semarc/publisher/39532 LEADER 01331nam a2200229 i 4500 001 000000232601 003 CaOOAMICUS 005 20230817143324.0 008 140902s1843 fr u000 u fre u 013 $a211504 040 $aSeMil$bita 245 14$aLes livres sacres de l'Orient, comprenant le Chou-King ou le Livre par excellence; les Sse-chou ou les quatre livres moraux de Confurcius et de ses disciples; les lois de Manou premier legislateur de l'Inde; le Koran de Mahomet /$ctraduits or revus et publiés par G. Pauthier. 260 $aParis :$bSociété du Panthéon littéraire,$c1843. 300 $aXXX, 764 p. ;$c28 cm. 490 0 $aPanthéon littéraire 700 1 $aPauthier, Guillaume,$d<1801-1873>.$0(OLS)http://semarc/name/34994 830 0$aPanthéon littéraire.$0(OLS)http://semarc/title/41456 850 $aSeMil 852 $aSeMil$W1$xVenegono$y1$m2X VI 10 FA$j182947$B182947$CSeMilBibl$Z2$F193960 $8I 996 $6245$aLes livres sacres de l'Orient, comprenant le Chou-King ou le Livre par excellence; les Sse-chou ou les quatre livres moraux de Confurcius et de ses disciples; les lois de Manou premier legislateur de l'Inde; le Koran de Mahomet$9(OLS)http://semarc/title/331876 996 $6260$aParis :$bSociété du Panthéon littéraire$9(OLS)http://semarc/publisher/38551